000 00599nam a2200193Ia 4500
005 20250508164949.0
008 008 250505s9999 xx 000 0 hin d
037 _aDissertations
040 _aFEDL
_beng
_cFEDL
041 _ahin
_2eng
084 _a323.4, DAH
_qFEDL
100 _aDahiya Dinesh Prakash
_9779598
245 0 _aMadhyamik kakshaon ke vidyarthiyon ki swatantrata, samanta tatha adhikaro ke prati samajh ka addhyan
260 _c2010
300 _a89p.
546 _aM. Ed. Dissertation (Delhi University)
942 _cDIS
_h323.4, DAH
999 _c1392308
_d1392308